Online
Catalog

Historia Breve de la Retórica / (Record no. 40087)

MARC details
000 -CABECERA
campo de control de longitud fija 00728nam a2200193 a 4500
001 - NÚMERO DE CONTROL
campo de control 000040597
005 - FECHA Y HORA DE LA ÚLTIMA TRANSACCIÓN
campo de control 20201002034236.0
008 - DATOS DE LONGITUD FIJA--INFORMACIÓN GENERAL
campo de control de longitud fija 130902s2010 sp 000 0 spa d
020 ## - NÚMERO INTERNACIONAL ESTÁNDAR DEL LIBRO
Número Internacional Estándar del Libro 8477382190
040 ## - FUENTE DE LA CATALOGACIÓN
Centro catalogador/agencia de origen DO-SdBNP
Lengua de catalogación spa
Centro/agencia transcriptor BNPHU
100 1# - ENTRADA PRINCIPAL--NOMBRE DE PERSONA
Nombre de persona Hernández Guerrero, José Antonio
9 (RLIN) 66934
245 10 - MENCIÓN DE TÍTULO
Título Historia Breve de la Retórica /
Mención de responsabilidad, etc. José Antonio Hernández Guerrero, María del Carmen García Tejera.
260 ## - PUBLICACIÓN, DISTRIBUCIÓN, ETC.
Lugar de publicación, distribución, etc. Madrid :
Nombre del editor, distribuidor, etc. Editorial Síntesis,
Fecha de publicación, distribución, etc. 2010.
300 ## - DESCRIPCIÓN FÍSICA
Extensión 222 ;
Dimensiones 23 cm.
490 1# - MENCIÓN DE SERIE
Mención de serie Teoría de la literatura y literatura contemporánea
504 ## - NOTA DE BIBLIOGRAFÍA, ETC.
Nota de bibliografía, etc. Bibliografía : p.193-222
700 1# - PUNTO DE ACCESO ADICIONAL--NOMBRE DE PERSONA
Nombre de persona García Tejera, María del Carmen
9 (RLIN) 66935
830 #0 - PUNTO DE ACCESO ADICIONAL DE SERIE-TÍTULO UNIFORME
Título uniforme Teoría de la literatura y literatura contemporánea
9 (RLIN) 66936
Holdings
Estado de retiro Estado de pérdida Restricciones de uso No para préstamo Código de colección Localización permanente Ubicación/localización actual Ubicación en estantería Fecha de adquisición Número de inventario Total de préstamos Signatura topográfica completa Código de barras Fecha visto por última vez Precio válido a partir de Tipo de ítem Koha
      Excluido de préstamo Monografías: Libros y Folletos General General En catalogación 02.09.2013 LF1   40597-10 25.06.2020 25.06.2020 No se presta

Powered by Koha